Statistics for Make a Stained Glass Window

Click here to take the quiz!

General Stats

  • This quiz has been taken 15,539 times
  • The average score is 21 of 25

Answers on the Map

Answers color-coded by a green-red scale on the quiz's map according to % correct below.
Loading ...
 

Answer Stats

#Answer% Correct
273United States
98%
217United Kingdom
98%
412Italy
97%
181France
97%
109Spain
97%
112Russia
97%
46Germany
96%
291Brazil
95%
93Mexico
94%
59Canada
93%
74Argentina
92%
69Poland
89%
74Australia
87%
80China
85%
50Ireland
84%
337India
84%
80Colombia
81%
92Ukraine
79%
41South Africa
74%
39Venezuela
73%
52Romania
69%
37Indonesia
67%
143Philippines
61%
57Nigeria
57%
40Ghana
28%

Score Distribution

Percentile by Number Answered

Percent of People with Each Score

Your Score History

You have not taken this quiz